Air on the move

Bibliographic Details
Main Author: Mellett, Peter
Format: Book
Published: London : Franklin Watts , 1992
Series:Science through cookery
Subjects:

MARC

LEADER 00000cam a2200000 7i4500
001 0000007200
002 000007745
005 20080104.0
020 |a 0749608439 
090 0 0 |a J500   |b MEL 
100 1 |a Mellett, Peter 
245 1 0 |a Air on the move   |c Peter Mellett 
260 |a London :   |b Franklin Watts ,   |c 1992 
300 |a 32p. :   |b ill. ;   |c 27cm. 
490 0 |a Science through cookery 
650 0 0 |a Air   |x Juvenile literature 
999 |a 052525   |b BUKU   |c PINJAMAN   |e PERPUSTAKAAN KOMUNITI PETALING JAYA